000
00341nam a2200133Ia 4500
008
210716s1992 xx 000 0 und d
041
_a
eng
082
_a
330 DHII
100
_a
Dhingra, I C; Garg, V K.
245
_a
Introductory economic theory.
260
_a
New Delhi
_b
Sultan chand & sons
_c
1992
300
_a
414
650
_a
Economics
999
_c
202258
_d
202258